000 00954cam a22002535i 4500
005 20250918125230.0
020 _a9789358529678
020 _a9358529679
020 _a9789358526998
020 _a9358526998
082 0 4 _a327.172 AMM/T
_223
100 1 _aAmmourah, Abdul Fattah,
_91667
245 1 0 _aTranslation and the politics of peace :
_bmedia, negotiation, and legal discourse in the Middle East /
_cby Abdul Fattah Ammourah.
260 _a. - Delhi
_b: Primus books
_c, 2024
300 _axviii, 310 pages :
_billustrations (black and white) ;
500 _a"Path to peace"--Cover.
504 _aIncludes bibliographical references (pages 303-305) and index.
650 0 _aPeace-building
_zMiddle East.
_91668
650 0 _aDiscourse analysis
_zMiddle East.
_91669
650 0 _aMass media
_zMiddle East.
_91670
650 0 _aSpeeches, addresses, etc., Arabic
_91671
650 0 _aSpeeches, addresses, etc., English
_91672
942 _2ddc
_cBK
999 _c751516
_d751516